[Event "Rilton Cup 2010-11"]
[Site "Stockholm SWE"]
[Date "2011.01.04"]
[Round "8"]
[White "Kopasov, Alexander"]
[Black "Sagit, Rauan"]
[Result "1/2-1/2"]
[BlackTitle "FM"]
[WhiteElo "2198"]
[BlackElo "2406"]
[WhiteFideId "24106623"]
[BlackFideId "1708376"]
[EventDate "2010.12.27"]

1. d4 Nf6 2. c4 e6 3. Nf3 a6 4. Nc3 Bb4 5. Bg5 h6 6. Bxf6 Bxc3+ 7. bxc3 Qxf6 8.
e4 b6 9. e5 Qf4 10. Be2 Bb7 11. O-O O-O 12. Rb1 Be4 13. Rb2 Bxf3 14. Bxf3 Ra7
15. g3 Qg5 16. Be4 Qd8 17. f4 d6 18. Rbf2 c6 19. Qg4 f5 20. exf6 Qxf6 21. Re2
Re7 22. Rfe1 b5 23. Bc2 e5 24. dxe5 dxe5 25. fxe5 Qg5 26. Qe4 g6 27. cxb5 axb5
28. Qxg6+ Qxg6 29. Bxg6 Kg7 30. Bc2 Nd7 31. e6 Nb6 32. Bb3 Rf3 33. Re3 Rxe3 34.
Rxe3 c5 35. Re5 c4 36. Rxb5 Rxe6 37. Bc2 Re1+ 38. Kf2 Rc1 39. Rxb6 Rxc2+ 40. Ke3
Rxa2 41. Rc6 Rxh2 42. Rxc4 Kg6 43. Re4 Kg5 44. c4 Rg2 45. Kf3 Rc2 46. Re5+ Kf6
47. Rc5 h5 48. Ke4 Kg6 49. Kf3 Rc1 50. Rc6+ Kf5 51. Rc5+ Kg6 52. Kg2 Rc3 53. Kh3
Rc2 54. g4 hxg4+ 55. Kxg4 Kf6 56. Kf4 Ke6 57. Ke4 Kd6 58. Rc8 Kd7 59. Rc5 Kd6
60. Rd5+ Kc6 61. Rd4 Kc5 62. Kd3 Rd2+ 1/2-1/2

[Event "Rilton Cup 2010-11"]
[Site "Stockholm SWE"]
[Date "2011.01.04"]
[Round "8"]
[White "Leer-Salvesen, Bjarte"]
[Black "Johansson, Linus"]
[Result "1-0"]
[WhiteTitle "IM"]
[WhiteElo "2360"]
[BlackElo "1966"]
[WhiteFideId "1501496"]
[BlackFideId "1711113"]
[EventDate "2010.12.27"]

1. c4 Nf6 2. g3 e6 3. Bg2 d5 4. Nf3 Be7 5. O-O O-O 6. d4 dxc4 7. Qc2 Bd7 8. Qxc4
Bc6 9. Bg5 Bd5 10. Qc2 Be4 11. Qd1 h6 12. Bxf6 Bxf6 13. Nc3 Bh7 14. Qb3 Nd7 15.
Qxb7 Rb8 16. Qxa7 Rxb2 17. Qa3 Rb8 18. Rfd1 Be7 19. Qc1 Qc8 20. a4 Qa6 21. e3 c5
22. d5 Bf6 23. Bf1 Qa5 24. dxe6 Bxc3 25. exd7 Bb2 26. Qc4 Bxa1 27. Rxa1 Bf5 28.
Rd1 Qc7 29. Qd5 Bg4 30. h3 Bxf3 31. Qxf3 c4 32. Qf4 Qxf4 33. gxf4 c3 34. Bb5
Rfd8 35. Rc1 Rxb5 36. axb5 Rxd7 37. Rxc3 Rd1+ 38. Kg2 Rb1 39. Rc5 Kf8 40. Re5
Rb2 41. h4 g6 42. h5 Kg7 43. Rc5 gxh5 44. Rxh5 Kg6 45. Rc5 f5 46. Kg3 Rb1 47. f3
Rb3 48. Re5 h5 49. Kh4 Rb1 50. e4 Rb3 51. Rxf5 Rxf3 52. Rg5+ Kf6 53. Kxh5 1-0

[Event "Rilton Cup 2010-11"]
[Site "Stockholm SWE"]
[Date "2011.01.04"]
[Round "8"]
[White "Astrup, Kim"]
[Black "Straeter, Timo"]
[Result "0-1"]
[BlackTitle "FM"]
[WhiteElo "2274"]
[BlackElo "2325"]
[WhiteFideId "1501950"]
[BlackFideId "4621964"]
[EventDate "2010.12.27"]

1. c4 Nf6 2. g3 c6 3. Nf3 d5 4. Bg2 Bg4 5. Ne5 Be6 6. cxd5 Bxd5 7. Nf3 c5 8. Nc3
Bc6 9. d3 e6 10. O-O Be7 11. e4 O-O 12. Qe2 b5 13. a4 b4 14. Nb1 Bb7 15. Ne5
Nfd7 16. Nc4 Nc6 17. Bf4 Nb6 18. Nbd2 Nd4 19. Qg4 f5 20. Qd1 fxe4 21. Nxe4 Nxc4
22. dxc4 Rxf4 23. gxf4 Qc7 24. Qh5 Qxf4 25. Rae1 Rf8 26. Qh3 Bc6 27. Qg3 Qh6 28.
Qc7 Bg5 29. Nxg5 Bxg2 30. Kxg2 Qxg5+ 31. Kh1 Qh5 32. Rg1 g6 33. Rg2 Qh4 34. Qg3
Qf6 35. Qe5 Qe7 36. Re3 Rf5 37. Qb8+ Kg7 38. Qg3 Qf7 39. Re5 Rf3 40. Qh4 Rd3 41.
Qe4 Rd1+ 42. Rg1 Qf3+ 0-1

[Event "Rilton Cup 2010-11"]
[Site "Stockholm SWE"]
[Date "2011.01.04"]
[Round "8"]
[White "Nielsen, Rogvi Egilstoft"]
[Black "Blomqvist, Erik"]
[Result "1/2-1/2"]
[BlackTitle "IM"]
[WhiteElo "2116"]
[BlackElo "2449"]
[WhiteFideId "7200447"]
[BlackFideId "1709437"]
[EventDate "2010.12.27"]

1. e4 c5 2. c3 d5 3. exd5 Qxd5 4. d4 Nf6 5. Nf3 e6 6. Bd3 Be7 7. O-O O-O 8. Be3
Rd8 9. Qe2 Nc6 10. Rd1 Qh5 11. Nbd2 Bd7 12. dxc5 Bxc5 13. Bxc5 Qxc5 14. Ne4 1/2-1/2

[Event "Rilton Cup 2010-11"]
[Site "Stockholm SWE"]
[Date "2011.01.04"]
[Round "8"]
[White "Olund, Joar"]
[Black "Thompson, Ian D"]
[Result "1/2-1/2"]
[BlackTitle "FM"]
[WhiteElo "2035"]
[BlackElo "2264"]
[WhiteFideId "1714848"]
[BlackFideId "405205"]
[EventDate "2010.12.27"]

1. d4 d5 2. c4 e6 3. Nf3 c6 4. e3 Nf6 5. b3 Bb4+ 6. Nbd2 Nbd7 7. Bb2 b6 8. Bd3
Bb7 9. O-O Rc8 10. e4 dxe4 11. Nxe4 Nxe4 12. Bxe4 Nf6 13. Bc2 Qe7 14. a3 Bd6 15.
Re1 O-O 16. Qd3 Rfd8 17. Nh4 g6 18. Nf3 Ne8 19. Qe3 Qc7 20. Qc3 Bf8 21. Ne5 Bg7
22. Rad1 c5 23. Qe3 cxd4 24. Bxd4 Qe7 25. Ng4 Nf6 26. Qg5 1/2-1/2

[Event "Rilton Cup 2010-11"]
[Site "Stockholm SWE"]
[Date "2011.01.04"]
[Round "8"]
[White "Jansson, Anders O."]
[Black "Lindgren, Philip"]
[Result "0-1"]
[WhiteElo "2171"]
[BlackElo "2091"]
[WhiteFideId "1703277"]
[BlackFideId "1713230"]
[EventDate "2010.12.27"]

1. Nf3 d5 2. d4 Nf6 3. c4 c6 4. cxd5 cxd5 5. Nc3 Nc6 6. Bf4 Bf5 7. e3 e6 8. Bd3
Bxd3 9. Qxd3 Be7 10. O-O O-O 11. a3 a6 12. b4 b5 13. Rfc1 Qb6 14. Nd2 Rfc8 15.
Nb3 Nd7 16. e4 dxe4 17. Nxe4 Nf6 18. Nec5 Rd8 19. Qf3 Rd5 20. Be3 Rad8 21. Rd1
Bxc5 22. dxc5 Qc7 23. Qe2 Qd7 24. Rxd5 Qxd5 25. Nd2 h6 26. h3 Qe5 27. Rc1 Qb2
28. Rb1 0-1

[Event "Rilton Cup 2010-11"]
[Site "Stockholm SWE"]
[Date "2011.01.04"]
[Round "8"]
[White "Thiborg, Jesper"]
[Black "Azizi, Haroon"]
[Result "0-1"]
[WhiteElo "2020"]
[BlackElo "2140"]
[WhiteFideId "1711954"]
[BlackFideId "1705687"]
[EventDate "2010.12.27"]

1. c4 e5 2. g3 f5 3. Bg2 Nf6 4. Nc3 Nc6 5. e3 Bc5 6. d3 d6 7. Nge2 O-O 8. O-O
Qe8 9. Na4 a5 10. Nxc5 dxc5 11. b3 Be6 12. Bb2 Bf7 13. Qc2 Bg6 14. Rad1 Kh8 15.
a3 Rf7 16. Qc3 Re7 17. Rfe1 h6 18. h3 Bh5 19. Rd2 Nh7 20. f4 Qg6 21. Kh2 Rae8
22. Rf1 Bxe2 23. Rxe2 exf4 24. Bxc6 Qxg3+ 25. Kh1 Qxh3+ 26. Kg1 bxc6 27. exf4
Nf6 28. Rh2 Qg3+ 29. Rg2 Qe3+ 30. Kh1 Ng4 31. Bc1 Qh3+ 32. Kg1 Re2 33. Rff2 Re1+
34. Rf1 Rxf1+ 35. Kxf1 Qh1+ 36. Rg1 Qf3# 0-1

[Event "Rilton Cup 2010-11"]
[Site "Stockholm SWE"]
[Date "2011.01.04"]
[Round "8"]
[White "Lokander, Martin"]
[Black "Frisk, Ellinor"]
[Result "0-1"]
[BlackTitle "WFM"]
[WhiteElo "1982"]
[BlackElo "2126"]
[WhiteFideId "1709569"]
[BlackFideId "1708481"]
[EventDate "2010.12.27"]

1. d4 d5 2. c4 c6 3. Nf3 Nf6 4. Nc3 e6 5. Bg5 Nbd7 6. e3 Qa5 7. Nd2 Bb4 8. Qc2
O-O 9. Be2 e5 10. O-O exd4 11. Nb3 Qb6 12. Nxd4 dxc4 13. Bxc4 Qc5 14. Bxf6 Qxc4
15. Bh4 Ne5 16. Bg3 Re8 17. Rad1 Bg4 18. f3 Bh5 19. e4 f6 20. Nde2 Rad8 21. b3
Qc5+ 22. Bf2 Qa5 23. a4 Bc5 24. h3 Bxf2+ 25. Rxf2 Rxd1+ 26. Nxd1 Rd8 27. Nec3
Bf7 28. f4 Nd3 29. Rd2 Nxf4 30. b4 Qb6+ 31. Kh1 Ne6 32. b5 Rxd2 33. Qxd2 Qd4 34.
Qe2 Nc5 35. bxc6 bxc6 36. Qf1 Bb3 0-1

[Event "Rilton Cup 2010-11"]
[Site "Stockholm SWE"]
[Date "2011.01.04"]
[Round "8"]
[White "Bryntze, Stefan"]
[Black "Wenzel, Birger"]
[Result "1-0"]
[WhiteElo "2135"]
[BlackElo "2060"]
[WhiteFideId "1709100"]
[BlackFideId "4657497"]
[EventDate "2010.12.27"]

1. f4 d5 2. e3 g6 3. Nf3 Bg7 4. Be2 Nf6 5. b3 Ne4 6. Ne5 Nd7 7. Bb2 O-O 8. O-O
f6 9. Nxd7 Bxd7 10. Bf3 c6 11. Bxe4 dxe4 12. Qe2 Be6 13. Nc3 f5 14. Nd1 Qd7 15.
Bxg7 Kxg7 16. Nf2 Rad8 17. Rad1 c5 18. d3 Qc6 19. c4 b5 20. cxb5 Qxb5 21. Qb2+
Kg8 22. Qe5 Bc8 23. dxe4 Bb7 24. exf5 Qc6 25. e4 Rxd1 26. Rxd1 gxf5 27. Qxe7
fxe4 28. Rd7 Qg6 29. Rxb7 e3 30. Ne4 e2 31. Nf6+ 1-0

[Event "Rilton Cup 2010-11"]
[Site "Stockholm SWE"]
[Date "2011.01.04"]
[Round "8"]
[White "Wihlborn, Bengt"]
[Black "Palmblad, Jan Peter"]
[Result "0-1"]
[WhiteElo "1895"]
[BlackElo "2135"]
[WhiteFideId "1709496"]
[BlackFideId "1705512"]
[EventDate "2010.12.27"]

1. Nf3 c5 2. c4 Nc6 3. g3 g6 4. Bg2 Bg7 5. O-O e6 6. e3 d5 7. cxd5 exd5 8. d4
cxd4 9. Nxd4 Nge7 10. Nc3 O-O 11. Nce2 Re8 12. b3 Bg4 13. Bb2 Nxd4 14. Bxd4 Bxd4
15. exd4 Nf5 16. Re1 Qf6 17. Rc1 Rxe2 18. Rxe2 Nxd4 19. f3 Nxe2+ 20. Qxe2 Bd7
21. h4 h5 22. Kh2 Re8 23. Qf2 Bc6 24. Rd1 a6 25. Rd4 Re2 26. Qg1 Qxf3 27. Rf4
Qe3 0-1

[Event "Rilton Cup 2010-11"]
[Site "Stockholm SWE"]
[Date "2011.01.05"]
[Round "9"]
[White "Shimanov, Aleksandr"]
[Black "Sokolov, Ivan"]
[Result "1/2-1/2"]
[WhiteTitle "GM"]
[BlackTitle "GM"]
[WhiteElo "2516"]
[BlackElo "2642"]
[WhiteFideId "4198603"]
[BlackFideId "14400030"]
[EventDate "2010.12.27"]

1. d4 Nf6 2. c4 e6 3. Nf3 d5 4. Nc3 Nbd7 5. Bf4 Bb4 6. cxd5 exd5 7. a3 Bxc3+ 8.
bxc3 c5 9. Nd2 Qa5 10. Qb3 O-O 11. dxc5 Nxc5 12. Qb4 Qxb4 13. axb4 Ne6 14. Be5
Ng4 15. Nf3 Nxe5 16. Nxe5 d4 17. cxd4 Nxd4 18. O-O-O Nc6 19. Nxc6 bxc6 20. e4
Be6 21. Ba6 Rab8 22. Rd4 Rb6 23. Be2 g5 24. Kd2 Rfb8 25. Kc3 c5 26. bxc5 Rc8 27.
Bd3 Rxc5+ 28. Kd2 Rb2+ 29. Ke3 Ra5 30. Rb1 Rxb1 31. Bxb1 Kg7 32. g3 Ra1 33. Bc2
Ra2 34. Bb1 Ra1 35. Bc2 Ra3+ 36. Bd3 g4 37. f4 gxf3 38. Kxf3 a5 39. Kf4 Rc3 40.
Bb5 Rb3 41. Bd7 Rb4 42. Rd6 Bc4 43. Bc6 Rb6 44. e5 Be6 45. Ke4 Rb4+ 46. Kd3 Rb1
47. Ke4 Rb6 48. Kd3 h6 49. Ke4 Rb4+ 50. Kd3 Rb1 51. Ke4 Re1+ 52. Kf4 Rf1+ 53.
Ke4 Re1+ 1/2-1/2

[Event "Rilton Cup 2010-11"]
[Site "Stockholm SWE"]
[Date "2011.01.05"]
[Round "9"]
[White "Berg, Emanuel"]
[Black "Naiditsch, Arkadij"]
[Result "1/2-1/2"]
[WhiteTitle "GM"]
[BlackTitle "GM"]
[WhiteElo "2627"]
[BlackElo "2685"]
[WhiteFideId "1704060"]
[BlackFideId "4650891"]
[EventDate "2010.12.27"]

1. e4 e5 2. Nf3 Nc6 3. Bb5 a6 4. Ba4 Nf6 5. O-O Be7 6. Re1 b5 7. Bb3 O-O 8. d4
d6 9. c3 Bg4 10. Be3 exd4 11. cxd4 Na5 12. Bc2 Nc4 13. Bc1 c5 14. b3 Nb6 15.
Nbd2 Rc8 16. Bb2 cxd4 17. h3 Bh5 18. g4 d3 19. Bxd3 Bg6 20. Nd4 d5 21. Nf5 dxe4
22. Nxe4 Bxf5 23. gxf5 Nbd7 24. a4 Qb6 25. axb5 axb5 26. Qe2 Nxe4 27. Bxe4 Bf6
28. Rad1 Rcd8 29. Bxf6 Nxf6 30. Rxd8 Rxd8 31. Bd3 Rb8 32. Qe5 h6 33. Rc1 Rd8 34.
Bxb5 Ne4 35. Qxe4 Qxb5 36. b4 Rd5 37. Rc8+ Kh7 38. f6+ g6 39. Qe7 Rd1+ 40. Kh2
Rh1+ 41. Kxh1 Qf1+ 42. Kh2 1/2-1/2

[Event "Rilton Cup 2010-11"]
[Site "Stockholm SWE"]
[Date "2011.01.05"]
[Round "9"]
[White "Ivanov, Sergey"]
[Black "Grandelius, Nils"]
[Result "1-0"]
[WhiteTitle "GM"]
[BlackTitle "GM"]
[WhiteElo "2536"]
[BlackElo "2525"]
[WhiteFideId "4101375"]
[BlackFideId "1710400"]
[EventDate "2010.12.27"]

1. d4 Nf6 2. c4 e6 3. Nc3 Bb4 4. Qc2 O-O 5. a3 Bxc3+ 6. Qxc3 d5 7. Bg5 dxc4 8.
Qxc4 b6 9. Rd1 Ba6 10. Qc2 Nbd7 11. e4 Bxf1 12. Kxf1 h6 13. Bh4 Qc8 14. Ne2 c5
15. f3 cxd4 16. Nxd4 Qa6+ 17. Qe2 Qa4 18. Kf2 Rfc8 19. Rd2 Qa5 20. Rhd1 Qh5 21.
Bg3 Ne5 22. Rc2 Kh7 23. Rdc1 Rxc2 24. Rxc2 a6 25. h3 Ng6 26. b4 Qg5 27. Qe3 Rd8
28. Bc7 Rxd4 29. Qxd4 e5 30. Qd2 Nf4 31. Ke1 b5 32. Kd1 N6h5 33. Bb6 Ng3 34. Qd7
Qg6 35. Be3 Nf1 36. Bxf4 exf4 37. Kc1 Ne3 38. Rd2 Qg3 39. Re2 Qg5 40. Rxe3 fxe3
41. Qf5+ Qxf5 42. exf5 g6 43. fxg6+ Kxg6 44. Kc2 Kf5 45. g3 Ke5 46. Kd3 Kd5 47.
g4 e2 48. Kxe2 Kc4 49. h4 Kb3 50. h5 f6 51. f4 1-0

[Event "Rilton Cup 2010-11"]
[Site "Stockholm SWE"]
[Date "2011.01.05"]
[Round "9"]
[White "Karlsson, Lars"]
[Black "Berczes, David"]
[Result "1-0"]
[WhiteTitle "GM"]
[BlackTitle "GM"]
[WhiteElo "2466"]
[BlackElo "2526"]
[WhiteFideId "1700057"]
[BlackFideId "722960"]
[EventDate "2010.12.27"]

1. b3 d5 2. Bb2 Bg4 3. Nf3 Nd7 4. e3 e6 5. Be2 Ngf6 6. O-O Bd6 7. d4 O-O 8. Nbd2
c6 9. Ne5 Bxe2 10. Qxe2 Qc7 11. f4 c5 12. c4 cxd4 13. exd4 Bb4 14. Ndf3 b6 15.
Rac1 Qb7 16. Nd3 Be7 17. c5 Rac8 18. b4 Ne4 19. Rc2 Nb8 20. Rfc1 Nc6 21. a3 f6
22. Nf2 f5 23. Nd3 Bf6 24. b5 Na5 25. c6 Qc7 26. Nde5 Be7 27. a4 Bd6 28. Bc3 Qe7
29. Bxa5 bxa5 30. Qe3 Rc7 31. Nd7 Rd8 32. Nc5 h6 33. Na6 Rcc8 34. c7 Re8 35. Rc6
g5 36. fxg5 hxg5 37. Rxd6 f4 38. Qd3 Nxd6 39. Qg6+ Qg7 40. Qxg7+ Kxg7 41. Nxg5
Nc4 42. Nh3 Kf6 43. Nxf4 Kf5 44. g3 Nd2 45. Kg2 Nb3 46. Rd1 Ke4 47. h4 Nxd4 48.
Nc5+ Ke5 49. Nd7+ Kd6 50. Nf6 Rf8 51. N6xd5 e5 52. h5 Rh8 53. g4 Kc5 54. Rc1+
Kd6 55. Ng6 Rhe8 56. Nf6 Re6 57. Ne4+ Kd5 58. Ng5 Ree8 59. h6 Ne2 60. Re1 Nd4
61. h7 e4 62. h8=Q Rxh8 63. Nxh8 Rxh8 64. Nxe4 Rc8 1-0

[Event "Rilton Cup 2010-11"]
[Site "Stockholm SWE"]
[Date "2011.01.05"]
[Round "9"]
[White "Cramling, Pia"]
[Black "Akesson, Ralf"]
[Result "1/2-1/2"]
[WhiteTitle "GM"]
[BlackTitle "GM"]
[WhiteElo "2526"]
[BlackElo "2434"]
[WhiteFideId "1700030"]
[BlackFideId "1700120"]
[EventDate "2010.12.27"]

1. d4 Nf6 2. Nf3 g6 3. c4 Bg7 4. Nc3 d5 5. cxd5 Nxd5 6. e4 Nxc3 7. bxc3 c5 8.
Be3 Bg4 9. Rb1 Nc6 10. Bb5 O-O 11. Bxc6 bxc6 12. O-O Qa5 13. h3 Bxf3 14. Qxf3
Qxa2 15. Rb7 e6 16. e5 Qd5 17. Qxd5 cxd5 18. Ra1 a5 19. Ra4 cxd4 20. cxd4 f6 21.
f4 Ra6 1/2-1/2

[Event "Rilton Cup 2010-11"]
[Site "Stockholm SWE"]
[Date "2011.01.05"]
[Round "9"]
[White "Hillarp Persson, Tiger"]
[Black "Gleizerov, Evgeny"]
[Result "0-1"]
[WhiteTitle "GM"]
[BlackTitle "GM"]
[WhiteElo "2528"]
[BlackElo "2572"]
[WhiteFideId "1700812"]
[BlackFideId "4101332"]
[EventDate "2010.12.27"]

1. e4 e6 2. d4 d5 3. Nd2 Nf6 4. e5 Nfd7 5. Bd3 c5 6. c3 Nc6 7. Ngf3 a5 8. O-O
Be7 9. Re1 cxd4 10. cxd4 a4 11. Nb1 Nb6 12. Nc3 Bd7 13. Nb5 Nb4 14. Nd6+ Bxd6
15. exd6 Nxd3 16. Qxd3 Nc4 17. Bf4 Nxb2 18. Qf5 O-O 19. Qb1 a3 20. Ng5 g6 21. h4
Qb6 22. Nf3 f6 23. Re3 Rf7 24. Qe1 Nc4 25. Rxe6 Bxe6 26. Qxe6 Qc6 27. Re1 Rd8
28. h5 Nxd6 29. hxg6 hxg6 30. Qg4 Rg7 31. Re6 Qc8 32. Bh6 Nf5 33. Rxf6 Nxh6 34.
Qf4 Ng4 35. Rb6 Rf8 36. Qd2 Qc7 0-1

[Event "Rilton Cup 2010-11"]
[Site "Stockholm SWE"]
[Date "2011.01.05"]
[Round "9"]
[White "Urkedal, Frode"]
[Black "Semcesen, Daniel"]
[Result "1/2-1/2"]
[WhiteTitle "FM"]
[BlackTitle "IM"]
[WhiteElo "2438"]
[BlackElo "2449"]
[WhiteFideId "1506102"]
[BlackFideId "1706993"]
[EventDate "2010.12.27"]

1. Nf3 d5 2. d4 a6 3. Bf4 Nf6 4. e3 Bf5 5. c4 c6 6. Nc3 e6 7. Bd3 Bxd3 8. Qxd3
Be7 9. h3 Nbd7 10. O-O O-O 11. cxd5 exd5 12. Rab1 Ne8 13. e4 dxe4 14. Nxe4 Nef6
15. Rfe1 Nxe4 16. Qxe4 Re8 17. Qc2 Nf6 18. Bg3 Nd5 19. Ne5 Bf8 20. Qf5 Qf6 21.
Qg4 Qe6 22. Qf3 Qf6 23. Qb3 Bb4 24. Red1 Re7 25. Nc4 Rd7 26. a3 Bf8 27. Ne5 Re7
28. Kh2 Rd8 29. Re1 Qf5 30. Nc4 Rdd7 31. Rbd1 h6 32. Ne5 1/2-1/2

[Event "Rilton Cup 2010-11"]
[Site "Stockholm SWE"]
[Date "2011.01.05"]
[Round "9"]
[White "Luukkonen, Tommi"]
[Black "Tikkanen, Hans"]
[Result "0-1"]
[WhiteTitle "FM"]
[BlackTitle "IM"]
[WhiteElo "2309"]
[BlackElo "2550"]
[WhiteFideId "501808"]
[BlackFideId "1706446"]
[EventDate "2010.12.27"]

1. d4 d5 2. c4 c6 3. Nf3 Nf6 4. e3 Bg4 5. h3 Bh5 6. Nc3 e6 7. g4 Bg6 8. Ne5 Nbd7
9. Nxg6 hxg6 10. g5 Ng8 11. Qb3 Qb6 12. Qc2 Bb4 13. a3 Bxc3+ 14. bxc3 Ne7 15. a4
Qc7 16. a5 a6 17. e4 c5 18. exd5 exd5 19. Bg2 O-O 20. O-O cxd4 21. Ba3 Rfe8 22.
cxd5 Nf5 23. Rfd1 Rac8 24. c4 Qxa5 25. d6 Ne5 26. c5 Nxd6 27. Bb2 Rxc5 28. Qb1
Qc7 29. Bxd4 Rb5 30. Qa2 Nc6 31. Be3 Nf5 32. Bd2 Ncd4 33. Re1 Rxe1+ 34. Rxe1 Nh4
35. Re8+ Kh7 36. Re4 Nhf3+ 37. Bxf3 Nxf3+ 38. Kf1 Qd7 0-1

[Event "Rilton Cup 2010-11"]
[Site "Stockholm SWE"]
[Date "2011.01.05"]
[Round "9"]
[White "Brynell, Stellan"]
[Black "Straeter, Timo"]
[Result "1-0"]
[WhiteTitle "GM"]
[BlackTitle "FM"]
[WhiteElo "2492"]
[BlackElo "2325"]
[WhiteFideId "1700219"]
[BlackFideId "4621964"]
[EventDate "2010.12.27"]

1. d4 Nf6 2. c4 e6 3. Nc3 Bb4 4. e3 O-O 5. Bd3 Nc6 6. Ne2 d5 7. O-O dxc4 8. Bxc4
e5 9. a3 Bd6 10. d5 Ne7 11. Ng3 Ng6 12. Bd3 Re8 13. f3 a6 14. b4 Bd7 15. Bb2 Ne7
16. Qb3 Qb8 17. Kh1 b5 18. Nge4 Nxe4 19. Nxe4 Qb7 20. Rfd1 Nf5 21. Nc5 Qc8 22.
Re1 Nh4 23. Rac1 Qd8 24. Qc2 Bc8 25. Bxh7+ Kh8 26. Bd3 f5 27. Qf2 Qg5 28. f4 Qh6
29. g3 Ng6 30. Rf1 e4 31. Bc2 Ne7 32. Bb3 Ng8 33. Kg2 Nf6 34. h3 Re7 35. Rh1 Bd7
36. Rhd1 Be8 37. Rd2 Bh5 38. Bd1 Bf7 39. Bb3 Bh5 40. Bd1 Bf7 41. Ne6 Bxe6 42.
dxe6 Rxe6 43. g4 Qh7 44. g5 Nh5 45. Rd5 Rf8 46. Bd4 Kg8 47. Rc6 Kf7 48. Bxh5+
Qxh5 49. Rxf5+ Kg6 50. Rxf8 1-0

[Event "Rilton Cup 2010-11"]
[Site "Stockholm SWE"]
[Date "2011.01.05"]
[Round "9"]
[White "Smith, Axel"]
[Black "Logdahl, Harald"]
[Result "1-0"]
[WhiteTitle "IM"]
[BlackTitle "FM"]
[WhiteElo "2448"]
[BlackElo "2257"]
[WhiteFideId "1707930"]
[BlackFideId "1702734"]
[EventDate "2010.12.27"]

1. e4 Nf6 2. e5 Nd5 3. d4 d6 4. c4 Nb6 5. exd6 cxd6 6. Nc3 g6 7. Be3 Bg7 8. Rc1
O-O 9. b3 e5 10. dxe5 dxe5 11. Qxd8 Rxd8 12. c5 N6d7 13. Nf3 Nc6 14. Bc4 h6 15.
Ne4 Nf8 16. Nd6 Rd7 17. O-O Re7 18. Nxc8 Rxc8 19. Rfd1 Kh7 20. Ne1 f5 21. f3 Ne6
22. Bxe6 Rxe6 23. Rd7 Re7 24. Rxe7 Nxe7 25. Rd1 Rc7 26. b4 a6 27. a4 Kg8 28. b5
axb5 29. axb5 Kf7 30. b6 Rc8 31. Rd7 Rb8 32. c6 bxc6 33. b7 Ke6 34. Ba7 Kxd7 35.
Bxb8 c5 36. Nd3 Kc6 37. Bd6 Kxb7 38. Nxc5+ Kc6 39. Bxe7 e4 40. Kf1 exf3 41. gxf3
Kd5 42. Nd3 g5 43. Ba3 h5 44. Be7 Bh6 45. Bd8 g4 46. Ke2 Kd4 47. Bf6+ Kc4 48.
Ne5+ Kd5 49. Ng6 Ke6 50. Be5 Kf7 51. Nf4 h4 52. Ng2 Ke6 53. Bf4 Bxf4 54. Nxf4+
Kf6 55. h3 Ke5 56. Ke3 Kf6 57. hxg4 fxg4 1-0

[Event "Rilton Cup 2010-11"]
[Site "Stockholm SWE"]
[Date "2011.01.05"]
[Round "9"]
[White "Sagit, Rauan"]
[Black "Sipila, Vilka"]
[Result "0-1"]
[WhiteTitle "FM"]
[WhiteElo "2406"]
[BlackElo "2262"]
[WhiteFideId "1708376"]
[BlackFideId "505455"]
[EventDate "2010.12.27"]

1. e4 c6 2. d4 d5 3. Nc3 dxe4 4. Nxe4 Bf5 5. Ng3 Bg6 6. h4 h6 7. h5 Bh7 8. Nf3
Nd7 9. Bd3 Bxd3 10. Qxd3 e6 11. Bd2 Ngf6 12. O-O-O Be7 13. Ne4 Nxe4 14. Qxe4 Nf6
15. Qe2 Qd5 16. c4 Qe4 17. Qf1 Rc8 18. Re1 Qh7 19. Rh4 b5 20. c5 O-O 21. Qe2 b4
22. g4 Rb8 23. g5 hxg5 24. Bxg5 b3 25. a3 Nd5 26. Qd2 f6 27. Bf4 e5 28. Bg3 Rb5
29. h6 g5 30. Rhe4 Rd8 31. Kb1 exd4 32. Nxd4 Rxc5 33. Ka1 Rc4 34. Qe2 Ra4 35.
Qf3 Bxa3 36. bxa3 Rxd4 37. Kb2 Rd2+ 38. Kxb3 Qb7+ 0-1

[Event "Rilton Cup 2010-11"]
[Site "Stockholm SWE"]
[Date "2011.01.05"]
[Round "9"]
[White "Arman, Deniz"]
[Black "Bellon Lopez, Juan Manuel"]
[Result "1-0"]
[BlackTitle "GM"]
[WhiteElo "2297"]
[BlackElo "2394"]
[WhiteFideId "6302106"]
[BlackFideId "2200031"]
[EventDate "2010.12.27"]

1. e4 c5 2. Nf3 Qc7 3. d4 cxd4 4. c3 dxc3 5. Nxc3 Nc6 6. Nd5 Qb8 7. Bf4 d6 8.
Bb5 Bd7 9. Rc1 e6 10. O-O Nf6 11. Qa4 exd5 12. exd5 Nd8 13. Rfe1+ Be7 14. Bxd7+
Kf8 15. Rxe7 Kxe7 16. Re1+ Kf8 17. Qa3 1-0

[Event "Rilton Cup 2010-11"]
[Site "Stockholm SWE"]
[Date "2011.01.05"]
[Round "9"]
[White "Furhoff, Johan"]
[Black "Kopasov, Alexander"]
[Result "1-0"]
[WhiteTitle "IM"]
[WhiteElo "2365"]
[BlackElo "2198"]
[WhiteFideId "1701797"]
[BlackFideId "24106623"]
[EventDate "2010.12.27"]

1. e4 c5 2. Nc3 Nc6 3. f4 g6 4. Nf3 Bg7 5. Be2 d6 6. O-O e6 7. d3 Nge7 8. Qe1
Nd4 9. Bd1 O-O 10. g4 f5 11. gxf5 exf5 12. Qh4 Nec6 13. Qxd8 Rxd8 14. Nd5 Rb8
15. c3 Nxf3+ 16. Bxf3 b5 17. a3 a5 18. Bd2 b4 19. axb4 axb4 20. Be1 fxe4 21.
dxe4 Bh3 22. Ra6 Bxf1 23. Kxf1 bxc3 24. bxc3 Ne5 25. fxe5 Rf8 26. Nf6+ Bxf6 27.
exf6 Rxf6 28. Kg2 Rb2+ 29. Kg3 Kg7 30. Ra3 Rc2 31. h3 g5 32. c4 Kg6 33. e5 Rxf3+
34. Kxf3 dxe5 35. Rc3 Rxc3+ 36. Bxc3 Kf5 37. Be1 h5 38. Bg3 e4+ 39. Ke3 h4 40.
Bd6 Ke6 41. Bxc5 g4 42. hxg4 h3 43. Kf2 e3+ 44. Bxe3 1-0

[Event "Rilton Cup 2010-11"]
[Site "Stockholm SWE"]
[Date "2011.01.05"]
[Round "9"]
[White "Getz, Nicolai"]
[Black "Ask, Josef"]
[Result "0-1"]
[WhiteElo "2317"]
[BlackElo "2205"]
[WhiteFideId "1505572"]
[BlackFideId "1704583"]
[EventDate "2010.12.27"]

1. d4 Nf6 2. c4 g6 3. Nc3 Bg7 4. e4 d6 5. f3 b6 6. Bd3 Bb7 7. Nge2 c5 8. d5 Nbd7
9. O-O Ne5 10. Bb1 O-O 11. b3 Ne8 12. Bg5 b5 13. cxb5 a6 14. bxa6 Bxa6 15. Qc1
Bxe2 16. Nxe2 Nxf3+ 17. Rxf3 Bxa1 18. h4 Nc7 19. Nf4 Qd7 20. Qe1 h5 21. Bh6 Qg4
22. Nd3 Rac8 23. Rf4 Qd7 24. Qc1 e5 25. dxe6 Bd4+ 26. Kh1 Qxe6 27. Nb2 Be5 28.
Rf3 Qg4 29. Rh3 Rfd8 30. Nc4 Ne6 31. Ne3 Qe2 32. Nd5 Re8 33. Bd3 Qxa2 34. Bb5
Nd4 35. Bxe8 Rxe8 36. Qf1 Re6 37. Bg5 Qe2 38. Qxe2 Nxe2 39. Nc7 Ng3+ 40. Kg1
Bd4+ 41. Kh2 Nf1+ 42. Kh1 Rxe4 43. Nb5 Be5 44. Kg1 Ng3 45. Kf2 Rb4 0-1